000 00257nam a22001217a 4500
040 _cSK
082 _a589
100 _aKUY SOPAL; គួយ សុផល
245 _aCryptogams and gymnosperms
260 _aRUA
_bKUY
_c1994
300 _a83p.
942 _cKB
999 _c9599
_d9599